000 01080nam a2200241 a 4500
001 20870
003 CO-ViMGA
008 141112s2004 ck r 000 u spa d
020 _a9586824276
040 _aCO-ViMGA
_bspa
_cCO-ViMGA
082 0 4 _a330.9861 C171e
100 1 _aCarrasquilla, Alberto
_914598
110 _aContraloría general de la república
_930104
245 1 0 _aEstancamiento :
_bColombia en el mundo 1999 - 2002
260 _aBogotá :
_bcontraloría general de la república,
_c2002
300 _a283p
505 _aEl contexto internacional 8 - - inflación política y monetaria 101 - - Asuntos fiscales 143 - - Sector financiero 211 - - Empleo y desempleo 243 - - Esoteria 267
590 _aForma de adquisición : Donación 2006 - - Precio : 20000 EJE 1, EJE 2 24.300 - - Proveedor : Contraloría general de la república, Proyecto 2005 - - Fecha de adquisición : Julio 2006 - - Ejemplares : 2
650 1 4 _aCOLOMBIA - CONDICIONES ECONOMICAS
650 1 4 _aCOLOMBIA - Política ECONOMICA
_98445
650 1 4 _aEconomía - COLOMBIA
942 _2ddc
_cBK
999 _c29773
_d29773